Sudans Nachbarstaaten - Statistiken

Allgemein
  • Dieses Quiz wurde 20 mal gespielt
  • Das Durchschnittsergebnis liegt bei 7 aus 7
Antwortstatistiken
Nachbarstaaten % Korrekt
Ägypten
100%
Südsudan
100%
Tschad
100%
Libyen
95%
Äthiopien
90%
Eritrea
90%
Zentralafrikanische Republik
80%
Keine übereinstimmenden Quizze gefunden
Verteilung der Resultate
Anzahl Personen mit jedem Resultat
Perzentil nach korrekt beantworteten Fragen
Ihre Resultats-Entwicklung
Sie haben dieses Quiz noch nicht gespielt